| 000 | 00716nam a22002177a 4500 | ||
|---|---|---|---|
| 001 | 74564 | ||
| 003 | BD-RjUL | ||
| 005 | 20211209082554.0 | ||
| 008 | 181027s1985 bg ||||| |||| 00| 0 eng d | ||
| 035 | _a(BD-RjUL) 74782 | ||
| 040 |
_aBD-RjUL _bben _cBD-RjUL |
||
| 041 | _aben | ||
| 082 |
_223 _a938 _bISG 1985 |
||
| 100 |
_aইসলাম, সৈয়দ আমীরুল _9224261 |
||
| 245 |
_aগ্রীক সভ্যতা / _cসৈয়দ আমীরুল ইসলাম |
||
| 260 |
_aঢাকা : _bবাংলা একাডেমী, _c১৯৮৫ |
||
| 300 |
_a৯৪ পৃ. ; _c১৯ সেমি. |
||
| 650 |
_a গ্রীস _9224262 |
||
| 650 |
_aGreece _9224263 |
||
| 942 |
_2ddc _cBK |
||
| 999 |
_c74564 _d74564 |
||